[Event "Oberliga Bayern 1112"]
[Site "Bayern"]
[Date "2012.02.26"]
[Round "7.8"]
[White "Posske, Thore"]
[Black "Jahrsdoerfer, Gerd"]
[Result "1/2-1/2"]
[WhiteElo "1934"]
[BlackElo "2161"]
[PlyCount "71"]
[EventDate "2011.10.02"]
[EventType "team-tourn"]
[EventRounds "9"]
[EventCountry "GER"]
[SourceTitle "EXT 2015"]
[Source "ChessBase"]
[SourceDate "2014.11.20"]
[SourceVersion "1"]
[SourceVersionDate "2014.11.20"]
[SourceQuality "1"]
[WhiteTeam "Wuerzburg"]
[BlackTeam "Bad Koenigshofen"]
[WhiteTeamCountry "GER"]
[BlackTeamCountry "GER"]

1. d4 d5 2. Nf3 e6 3. c4 f5 4. Bf4 Nf6 5. e3 Be7 6. Qc2 c6 7. Nc3 0-0 8. Be2 Ne4 9. Nxe4 fxe4 10. Nd2 Bg5 11. g3 Nd7 12. 0-0-0 Qe7 13. f3 exf3 14. Nxf3 Bf6 15. Be5 Nxe5 16. dxe5 Bg5 17. Qc3 Bh6 18. g4 Bd7 19. h4 g6 20. g5 Bg7 21. h5 gxh5 22. Rxh5 Be8 23. Rh3 Bg6 24. Bd3 Rxf3 25. Rxf3 Qxg5 26. Bxg6 hxg6 27. Kb1 Qxe5 28. Qxe5 Bxe5 29. Rg1 Kg7 30. Rgf1 dxc4 31. Rf7+ Kh6 32. Rh1+ Kg5 33. Rg1+ Kh6 34. Re7 Bf6 35. Rxe6 Kg7 36. Rd1 1/2-1/2

[Event "Oberliga Bayern 0910"]
[Site "Bayern"]
[Date "2009.12.13"]
[Round "4.8"]
[White "Rusche, Johannes"]
[Black "Jahrsdoerfer, Gerd"]
[Result "1/2-1/2"]
[WhiteElo "2134"]
[BlackElo "2112"]
[PlyCount "117"]
[EventDate "2009.10.18"]
[EventType "team-tourn"]
[EventRounds "9"]
[EventCountry "GER"]
[SourceTitle "EXT 2011"]
[Source "ChessBase"]
[SourceDate "2010.11.26"]
[SourceVersion "1"]
[SourceVersionDate "2010.11.26"]
[SourceQuality "1"]
[WhiteTeam "Garching"]
[BlackTeam "Bad Koenigshofen"]
[WhiteTeamCountry "GER"]
[BlackTeamCountry "GER"]

1. e4 Nc6 2. d4 d5 3. Nc3 Nf6 4. e5 Nd7 5. Nxd5 Ndb8 6. Ne3 Qxd4 7. Qxd4 Nxd4 8. Bd3 Nbc6 9. Nd5 Nxe5 10. Be4 Kd8 11. Be3 Ndc6 12. 0-0-0 Bd7 13. Nh3 e6 14. Nc3 Bd6 15. Nb5 Ke7 16. Rhe1 Nc4 17. Bf4 e5 18. Ng5 f6 19. Nf3 a6 20. Nxd6 Nxd6 21. Bd5 Be6 22. Bxc6 bxc6 23. Be3 Rhd8 24. Bc5 Kf7 25. Nd2 Nb7 26. Ba3 Rd5 27. b3 Rad8 28. Nf1 Rxd1+ 29. Rxd1 Rxd1+ 30. Kxd1 Nd6 31. Nd2 g5 32. Bb4 Ke7 33. c4 Kd7 34. Bc3 Bf5 35. Ke2 Ne4 36. Ba5 Nxd2 37. Kxd2 c5 38. Bc3 Kd6 39. a3 g4 40. g3 c6 41. Ba5 Be4 42. Bd8 f5 43. Bg5 h5 44. Bh6 Ke7 45. Be3 Kd6 46. Bh6 Ke6 47. Be3 Bb1 48. Kc1 Bd3 49. Kd2 Bf1 50. Ke1 Bg2 51. Kd2 Kf6 52. Kd3 Be4+ 53. Kd2 Kg6 54. Kc3 Bg2 55. Kd3 Bf3 56. Kd2 Kf6 57. Kc2 h4 58. Kd2 h3 59. Kc2 1/2-1/2

[Event "Oberliga Bayern 0910"]
[Site "Bayern"]
[Date "2009.10.18"]
[Round "1.8"]
[White "Jahrsdoerfer, Gerd"]
[Black "Bildt, Thomas"]
[Result "1/2-1/2"]
[WhiteElo "2112"]
[BlackElo "1944"]
[PlyCount "117"]
[EventDate "2009.10.18"]
[EventType "team-tourn"]
[EventRounds "9"]
[EventCountry "GER"]
[SourceTitle "EXT 2011"]
[Source "ChessBase"]
[SourceDate "2010.11.26"]
[SourceVersion "1"]
[SourceVersionDate "2010.11.26"]
[SourceQuality "1"]
[WhiteTeam "Bad Koenigshofen"]
[BlackTeam "Zirndorf"]
[WhiteTeamCountry "GER"]
[BlackTeamCountry "GER"]

1. e4 e5 2. f4 d6 3. Nf3 Nc6 4. Bb5 exf4 5. d4 g5 6. d5 a6 7. Ba4 b5 8. dxc6 bxa4 9. Qd4 Qf6 10. Qxf6 Nxf6 11. Nxg5 h6 12. Nf3 Nxe4 13. 0-0 Bg7 14. Re1 f5 15. Nbd2 d5 16. Nf1 a3 17. Rb1 axb2 18. Bxf4 0-0 19. Be5 Bxe5 20. Nxe5 Rb8 21. Re3 Re8 22. Nf3 Re6 23. Nd4 f4 24. Rb3 Rxb3 25. cxb3 Nc3 26. Rxb2 Re4 27. Nf3 Re2 28. Rxe2 Nxe2+ 29. Kf2 Nc1 30. Nd4 Nxa2 31. Kf3 Kf7 32. Kxf4 Kf6 33. Ne3 Nc3 34. g4 a5 35. h4 Ba6 36. Nef5 Ne2+ 37. Nxe2 Bxe2 38. g5+ hxg5+ 39. hxg5+ Kg6 40. Ne7+ Kf7 41. Nxd5 Bb5 42. Nxc7 Bxc6 43. Kf5 Bd7+ 44. Ke5 a4 45. bxa4 Bxa4 46. Kf4 Bc2 47. Nd5 Kg6 48. Kg4 Bf5+ 49. Kh4 Bc2 50. Ne3 Bd3 51. Ng4 Bc2 52. Ne5+ Kg7 53. Nc4 Bd3 54. Ne3 Bb1 55. Ng4 Bd3 56. Nf6 Bc2 57. Kg4 Bd3 58. Nh5+ Kh7 59. Nf4 1/2-1/2

[Event "Bayern-chA 80th"]
[Site "Immenstadt"]
[Date "2009.08.25"]
[Round "4"]
[White "Jahrsdoerfer, Gerd"]
[Black "Lederle, Vitus"]
[Result "0-1"]
[WhiteElo "2100"]
[BlackElo "2147"]
[PlyCount "54"]
[EventDate "2009.08.22"]
[EventType "swiss"]
[EventRounds "9"]
[EventCountry "GER"]
[SourceTitle "EXT 2015"]
[Source "ChessBase"]
[SourceDate "2014.11.20"]
[SourceVersion "1"]
[SourceVersionDate "2014.11.20"]
[SourceQuality "1"]

1. e4 c5 2. c3 d6 3. d4 Nd7 4. Bd3 a6 5. f4 Ngf6 6. Nf3 e6 7. 0-0 Be7 8. Nbd2 cxd4 9. cxd4 0-0 10. Qe2 e5 11. fxe5 dxe5 12. Nxe5 Nxe5 13. dxe5 Qd4+ 14. Kh1 Qxe5 15. Nf3 Qh5 16. e5 Ng4 17. Bf4 Nh6 18. Bxh7+ Kxh7 19. Ng5+ Kg6 20. Qd3+ Bf5 21. Ne4 Rfd8 22. Qe3 Ng4 23. Qf3 Rd4 24. Nd6 Bxd6 25. exd6 Re8 26. Rad1 Rxd1 27. Rxd1 Nf2+ 0-1

[Event "Unterfranken-ch M1 60th"]
[Site "Obernau"]
[Date "2009.04.15"]
[Round "4"]
[White "Golda, Harald"]
[Black "Jahrsdoerfer, Gerd"]
[Result "1/2-1/2"]
[WhiteElo "2256"]
[BlackElo "2145"]
[PlyCount "31"]
[EventDate "2009.04.13"]
[EventType "swiss"]
[EventRounds "9"]
[EventCountry "GER"]
[SourceTitle "EXT 2015"]
[Source "ChessBase"]
[SourceDate "2014.11.20"]
[SourceVersion "1"]
[SourceVersionDate "2014.11.20"]
[SourceQuality "1"]

1. d4 d5 2. Nf3 Nf6 3. c4 e6 4. e3 Nbd7 5. Nc3 c6 6. Bd3 dxc4 7. Bxc4 b5 8. Bd3 a6 9. a4 b4 10. Ne4 Bb7 11. 0-0 c5 12. Nxf6+ Qxf6 13. e4 h6 14. Be3 cxd4 15. Bxd4 e5 16. Be3 1/2-1/2

[Event "Oberliga Bayern 0809"]
[Site "Bayern"]
[Date "2009.03.01"]
[Round "7.7"]
[White "Seeger, Werner"]
[Black "Jahrsdoerfer, Gerd"]
[Result "0-1"]
[WhiteElo "2012"]
[BlackElo "2124"]
[PlyCount "86"]
[EventDate "2008.10.05"]
[EventType "team-tourn"]
[EventRounds "9"]
[EventCountry "GER"]
[SourceTitle "EXT 2020"]
[Source "ChessBase"]
[SourceDate "2019.10.17"]
[SourceVersion "1"]
[SourceVersionDate "2019.10.17"]
[SourceQuality "1"]
[WhiteTeam "Burgsinn"]
[BlackTeam "Koenigshofen"]
[WhiteTeamCountry "GER"]
[BlackTeamCountry "GER"]

1. d4 d5 2. c4 e6 3. Nf3 f5 4. g3 Nf6 5. Bg2 c6 6. 0-0 Bd6 7. Nbd2 Nbd7 8. Ne1 0-0 9. Nd3 b6 10. Qa4 Bb7 11. Nf3 a5 12. Bf4 Qe7 13. Rac1 Rac8 14. Bxd6 Qxd6 15. c5 Qc7 16. cxb6 Qxb6 17. Nc5 Nxc5 18. Rxc5 Qxb2 19. Ne5 Qxe2 20. Bf3 Qb2 21. Qxa5 Qxd4 22. Re1 Ne4 23. Bxe4 fxe4 24. Ng4 Ra8 25. Qb6 Rxa2 26. Rxc6 Qxb6 27. Rxb6 Bc8 28. Rb8 h5 29. Ne5 Ba6 30. Rxf8+ Kxf8 31. Rb1 Ke7 32. Ng6+ Kf6 33. Nf4 g6 34. h4 Be2 35. Rb6 Ra1+ 36. Kh2 Bf3 37. g4 Rh1+ 38. Kg3 Rg1+ 39. Kh2 Rxg4 40. Nxe6 Ke5 41. Nc7 Rxh4+ 42. Kg3 Rg4+ 43. Kh3 Rg1 0-1

[Event "Oberliga Bayern 0809"]
[Site "Bayern"]
[Date "2008.12.14"]
[Round "4.8"]
[White "Jahrsdoerfer, Gerd"]
[Black "Goetz, Martin1111"]
[Result "1-0"]
[WhiteElo "2124"]
[BlackElo "1780"]
[PlyCount "89"]
[EventDate "2008.10.05"]
[EventType "team-tourn"]
[EventRounds "9"]
[EventCountry "GER"]
[SourceTitle "EXT 2020"]
[Source "ChessBase"]
[SourceDate "2019.10.17"]
[SourceVersion "1"]
[SourceVersionDate "2019.10.17"]
[SourceQuality "1"]
[WhiteTeam "Koenigshofen"]
[BlackTeam "Bayern Muenchen II"]
[WhiteTeamCountry "GER"]
[BlackTeamCountry "GER"]

1. e4 e6 2. d4 d5 3. Nc3 Bb4 4. e5 c5 5. a3 Bxc3+ 6. bxc3 Ne7 7. Qg4 Qc7 8. Qxg7 Rg8 9. Qxh7 cxd4 10. Ne2 Qxe5 11. cxd4 Qf6 12. h4 Rh8 13. Bg5 Qxf2+ 14. Kxf2 Rxh7 15. Nf4 Nbc6 16. Bd3 f5 17. c3 e5 18. dxe5 Nxe5 19. Bc2 N5g6 20. Nxg6 Nxg6 21. Rae1+ Kf8 22. h5 Nh8 23. g4 Bd7 24. Bf6 Re8 25. Rxe8+ Kxe8 26. g5 Kf8 27. Kg1 Kf7 28. Bd4 b6 29. g6+ Nxg6 30. hxg6+ Kxg6 31. Rxh7 Kxh7 32. Kf2 Kg6 33. Kg3 Kg5 34. Be3+ f4+ 35. Bxf4+ Kf6 36. Bc7 Ke7 37. Kf4 Bh3 38. Bb8 Kd7 39. Ba4+ Kc8 40. Bd6 Kb7 41. Ke5 Bg2 42. Bd7 Bf3 43. Ke6 Bg4+ 44. Ke7 Bf3 45. Be5 1-0

[Event "Oberliga Bayern 0708"]
[Site "Bayern"]
[Date "2008.04.06"]
[Round "8.8"]
[White "Jahrsdoerfer, Gerd"]
[Black "Schulze, Hubertus"]
[Result "1-0"]
[WhiteElo "2144"]
[BlackElo "2086"]
[PlyCount "29"]
[EventDate "2007.10.21"]
[EventType "team-tourn"]
[EventRounds "9"]
[EventCountry "GER"]
[SourceTitle "EXT 2009"]
[Source "ChessBase"]
[SourceDate "2008.11.26"]
[SourceVersion "1"]
[SourceVersionDate "2008.11.26"]
[SourceQuality "1"]
[WhiteTeam "Koenigshofen"]
[BlackTeam "Nuernberg NT"]
[WhiteTeamCountry "GER"]
[BlackTeamCountry "GER"]

1. e4 c6 2. c4 d5 3. cxd5 cxd5 4. exd5 Nf6 5. Bb5+ Nbd7 6. Nc3 g6 7. Nf3 Bg7 8. d3 a6 9. Bxd7+ Qxd7 10. Qb3 0-0 11. 0-0 Rd8 12. Ne5 Qf5 13. Re1 Nxd5 14. Nxd5 Qe6 15. Nb6 1-0

[Event "Unterfranken-ch M1 59th"]
[Site "Rieneck"]
[Date "2008.03.29"]
[Round "9"]
[White "Jahrsdoerfer, Gerd"]
[Black "Kunz, Konstantin"]
[Result "1/2-1/2"]
[WhiteElo "2143"]
[BlackElo "2112"]
[PlyCount "119"]
[EventDate "2008.03.24"]
[EventType "swiss"]
[EventRounds "9"]
[EventCountry "GER"]
[SourceTitle "EXT 2015"]
[Source "ChessBase"]
[SourceDate "2014.11.20"]
[SourceVersion "1"]
[SourceVersionDate "2014.11.20"]
[SourceQuality "1"]

1. e4 c5 2. c3 Nf6 3. e5 Nd5 4. Nf3 Nc6 5. d4 cxd4 6. Bc4 e6 7. 0-0 d6 8. cxd4 Be7 9. Qe2 0-0 10. Bd2 Qb6 11. Bc3 dxe5 12. dxe5 Bd7 13. Rd1 Nxc3 14. Nxc3 Rfd8 15. Ne4 Be8 16. a3 Nd4 17. Nxd4 Rxd4 18. Rxd4 Qxd4 19. Nc3 Rd8 20. Rd1 Qc5 21. Rxd8 Bxd8 22. Bb5 Bxb5 23. Qxb5 Qxb5 24. Nxb5 a6 25. Nc3 Bb6 26. Kf1 g5 27. h4 g4 28. Ne4 Bd4 29. Nf6+ Kg7 30. f3 g3 31. f4 Kg6 32. Ke2 Bc5 33. a4 Be7 34. Ne4 b5 35. axb5 axb5 36. Kf3 Bxh4 37. Kg4 Bd8 38. Nxg3 Bc7 39. Nh5 Bd8 40. Ng3 Bc7 41. Nh5 Bb6 42. Nf6 Bc5 43. Nh5 Be7 44. Ng3 f5+ 45. exf6 Bxf6 46. f5+ exf5+ 47. Nxf5 b4 48. Ne3 Be5 49. Kf3 Bg7 50. Nd5 Bf8 51. g4 Bd6 52. g5 Kf5 53. Kg2 Ke6 54. Nxb4 Bxb4 55. Kh1 Kf5 56. Kg2 Kg4 57. Kh1 Kf3 58. Kg1 Kg3 59. Kh1 Kf2 60. Kh2 1/2-1/2

[Event "Unterfranken-ch M1 59th"]
[Site "Rieneck"]
[Date "2008.03.28"]
[Round "7"]
[White "Kraeussling, Andreas"]
[Black "Jahrsdoerfer, Gerd"]
[Result "1/2-1/2"]
[WhiteElo "2130"]
[BlackElo "2143"]
[PlyCount "154"]
[EventDate "2008.03.24"]
[EventType "swiss"]
[EventRounds "9"]
[EventCountry "GER"]
[SourceTitle "EXT 2015"]
[Source "ChessBase"]
[SourceDate "2014.11.20"]
[SourceVersion "1"]
[SourceVersionDate "2014.11.20"]
[SourceQuality "1"]

1. d4 d5 2. Nf3 e6 3. c4 f5 4. Nc3 Nf6 5. e3 c6 6. Ne5 Bd6 7. f4 0-0 8. Be2 Nbd7 9. 0-0 Ne4 10. Nxe4 fxe4 11. c5 Nxe5 12. fxe5 Be7 13. Rxf8+ Qxf8 14. Bd2 Bd7 15. Qf1 Bg5 16. Qe1 Qe7 17. Qg3 Rf8 18. Qe1 Qf7 19. b4 a6 20. Qg3 Qe7 21. Be1 Bh6 22. h4 g5 23. h5 Bg7 24. a4 Ra8 25. Bc3 h6 26. Qe1 Qe8 27. Qb1 Bf8 28. Kf2 Be7 29. Ke1 Bd8 30. Qb3 Bc7 31. Kf2 Kg7 32. Kg1 Ra7 33. Rf1 Bd8 34. Rb1 Bc7 35. Rf1 Bd8 36. Rb1 Kf7 37. Be1 Kg7 38. Bg3 Bc7 39. Rf1 Bd8 40. Rb1 Bc7 41. Qd1 Bd8 42. Qf1 Qf7 43. Qd1 Qe8 44. Be1 Bc7 45. Rb2 Bd8 46. Qb1 Kg8 47. Bd2 Kg7 48. Kf2 Qf7+ 49. Kg1 Qe8 50. Bc3 Kg8 51. Bg4 Kg7 52. Kf1 Ra8 53. Ke1 Be7 54. Rf2 Qg8 55. Be2 Rf8 56. Rxf8 Qxf8 57. b5 cxb5 58. axb5 Bxb5 59. Bxb5 axb5 60. Qxb5 Qc8 61. Ba5 Kf7 62. g4 Qc6 63. Qxc6 bxc6 64. Kd2 Ke8 65. Bc7 Bf8 66. Kc3 Kd7 67. Bd6 Bg7 68. Kb4 Kc8 69. Ka5 Kb7 70. Be7 Ka7 71. Bf6 Bf8 72. Bh8 Kb7 73. Bf6 Ka7 74. Bd8 Kb7 75. Bf6 Ka7 76. Bh8 Kb7 77. Bf6 Ka7 1/2-1/2

[Event "Unterfranken-ch M1 59th"]
[Site "Rieneck"]
[Date "2008.03.26"]
[Round "5"]
[White "Golda, Harald"]
[Black "Jahrsdoerfer, Gerd"]
[Result "1/2-1/2"]
[WhiteElo "2273"]
[BlackElo "2143"]
[PlyCount "98"]
[EventDate "2008.03.24"]
[EventType "swiss"]
[EventRounds "9"]
[EventCountry "GER"]
[SourceTitle "EXT 2015"]
[Source "ChessBase"]
[SourceDate "2014.11.20"]
[SourceVersion "1"]
[SourceVersionDate "2014.11.20"]
[SourceQuality "1"]

1. d4 Nf6 2. Nf3 e6 3. c4 b6 4. g3 Bb7 5. Bg2 Be7 6. 0-0 0-0 7. Nc3 c5 8. d5 exd5 9. Nh4 g6 10. cxd5 d6 11. e4 Nfd7 12. Nf3 Na6 13. Bf4 f6 14. a4 Nc7 15. Re1 Re8 16. Qc2 Bf8 17. Rac1 Ne5 18. Nxe5 fxe5 19. Be3 Qd7 20. f4 Bh6 21. f5 Bxe3+ 22. Rxe3 Rf8 23. g4 Qf7 24. Rf1 gxf5 25. gxf5 Ba6 26. Rff3 Ne8 27. Qf2 Nf6 28. Qh4 Kh8 29. Rg3 Rg8 30. Rxg8+ Rxg8 31. Rg3 Rxg3 32. hxg3 Qg7 33. Bf3 h6 34. Kf2 Qg5 35. Qxg5 hxg5 36. Be2 Bxe2 37. Kxe2 a6 38. Kf3 Kg7 39. Nd1 g4+ 40. Ke3 Kf7 41. b3 Ke7 42. Nb2 Kd7 43. Nc4 Kc7 44. Kd3 b5 45. axb5 axb5 46. Na5 Nh5 47. Nc6 Kd7 48. Ke3 b4 49. Kf2 Nf6 1/2-1/2

[Event "Unterfranken-ch M1 59th"]
[Site "Rieneck"]
[Date "2008.03.25"]
[Round "3"]
[White "Jahrsdoerfer, Gerd"]
[Black "Schmid, Roland1111"]
[Result "1-0"]
[WhiteElo "2143"]
[BlackElo "2040"]
[PlyCount "97"]
[EventDate "2008.03.24"]
[EventType "swiss"]
[EventRounds "9"]
[EventCountry "GER"]
[SourceTitle "EXT 2015"]
[Source "ChessBase"]
[SourceDate "2014.11.20"]
[SourceVersion "1"]
[SourceVersionDate "2014.11.20"]
[SourceQuality "1"]

1. e4 c5 2. c3 e6 3. d4 d5 4. exd5 exd5 5. Nf3 Nf6 6. Bb5+ Bd7 7. Qe2+ Be7 8. dxc5 0-0 9. b4 Re8 10. Be3 Ng4 11. 0-0 Nxe3 12. Bxd7 Qxd7 13. Qxe3 Bf6 14. Qd3 Nc6 15. Nbd2 Qg4 16. Nb3 Re4 17. a3 Rae8 18. Rad1 h6 19. Nbd4 Nxd4 20. cxd4 Qe6 21. h3 g5 22. Rfe1 Qf5 23. Qd2 h5 24. Rxe4 Rxe4 25. Re1 g4 26. hxg4 hxg4 27. Rxe4 Qxe4 28. Ne5 Bxe5 29. dxe5 Qxe5 30. Qe3 Qf5 31. Kh2 Kf8 32. Kg3 Qd7 33. Qd4 f5 34. Kf4 Kf7 35. a4 a6 36. b5 axb5 37. axb5 Kg6 38. b6 Qd8 39. Qe5 Qg5+ 40. Kg3 Qd2 41. c6 f4+ 42. Kxg4 Qxf2 43. Qe6+ Kg7 44. Qe7+ Kg6 45. Qd6+ Kh7 46. cxb7 Qxg2+ 47. Kf5 Qe4+ 48. Kf6 f3 49. Qh2+ 1-0

[Event "Unterfranken-ch M1 59th"]
[Site "Rieneck"]
[Date "2008.03.24"]
[Round "1"]
[White "Susallek, Markus"]
[Black "Jahrsdoerfer, Gerd"]
[Result "0-1"]
[WhiteElo "1861"]
[BlackElo "2143"]
[PlyCount "64"]
[EventDate "2008.03.24"]
[EventType "swiss"]
[EventRounds "9"]
[EventCountry "GER"]
[SourceTitle "EXT 2015"]
[Source "ChessBase"]
[SourceDate "2014.11.20"]
[SourceVersion "1"]
[SourceVersionDate "2014.11.20"]
[SourceQuality "1"]

1. e4 Nc6 2. d4 d5 3. Nc3 e5 4. exd5 Nxd4 5. Nf3 Bg4 6. Be2 Bxf3 7. Bxf3 Bb4 8. 0-0 Ne7 9. Re1 f6 10. Bd2 0-0 11. Be4 Qd7 12. a3 Bd6 13. Be3 Nef5 14. Qg4 Rad8 15. Rad1 g6 16. Bc1 a6 17. f4 Rfe8 18. Kh1 Re7 19. Bd3 Kg7 20. Ne4 Nh6 21. Qxd7 Rexd7 22. c4 Nb3 23. Be3 exf4 24. Nxd6 fxe3 25. Nxb7 Rb8 26. c5 Rxd5 27. c6 Ng4 28. Kg1 Nf2 29. Bc4 Rxd1 30. Rxd1 Nxd1 31. Kf1 Nd4 32. Ke1 Nxb2 0-1

[Event "Bad Koenigshofen op 6th"]
[Site "Bad Koenigshofen"]
[Date "2007.12.28"]
[Round "5"]
[White "Seidens, Udo"]
[Black "Jahrsdoerfer, Gerd"]
[Result "0-1"]
[WhiteElo "2184"]
[BlackElo "2176"]
[PlyCount "90"]
[EventDate "2007.12.26"]
[EventType "swiss"]
[EventRounds "7"]
[EventCountry "GER"]
[SourceTitle "CBM 122 Extra"]
[Source "ChessBase"]
[SourceDate "2008.03.04"]
[SourceVersion "1"]
[SourceVersionDate "2008.03.04"]
[SourceQuality "1"]

1. c4 c5 2. g3 g6 3. Bg2 Bg7 4. Nc3 Nc6 5. e3 e5 6. a3 Nge7 7. b4 cxb4 8. axb4 Nxb4 9. Ba3 Nbc6 10. Nb5 0-0 11. Bd6 Nf5 12. Bxf8 Bxf8 13. Ne2 a5 14. 0-0 Nd6 15. Nxd6 Bxd6 16. Nc3 b6 17. d4 Rb8 18. Nb5 Bb4 19. f4 exd4 20. exd4 Ba6 21. Kh1 Qf6 22. f5 gxf5 23. Rf4 Ne7 24. d5 Ng6 25. Rf1 Rc8 26. Rc1 Qe5 27. Qd3 f4 28. gxf4 Nxf4 29. Qg3+ Ng6 30. Qf3 Rf8 31. Bh3 Bxb5 32. cxb5 d6 33. Rc7 Qg7 34. Be6 Ne5 35. Qf4 Bc5 36. Rxc5 bxc5 37. Rg1 Ng6 38. Qxd6 fxe6 39. dxe6 Qd4 40. Qc6 Kh8 41. b6 Ne7 42. Qg2 Rg8 43. b7 Rxg2 44. b8Q+ Rg8 45. Rxg8+ Nxg8 0-1

[Event "Oberliga Bayern 0708"]
[Site "Bayern"]
[Date "2007.11.04"]
[Round "2.8"]
[White "Reis, Thomas"]
[Black "Jahrsdoerfer, Gerd"]
[Result "1/2-1/2"]
[WhiteElo "2151"]
[BlackElo "2160"]
[PlyCount "55"]
[EventDate "2007.10.21"]
[EventType "team-tourn"]
[EventRounds "9"]
[EventCountry "GER"]
[SourceTitle "EXT 2009"]
[Source "ChessBase"]
[SourceDate "2008.11.26"]
[SourceVersion "1"]
[SourceVersionDate "2008.11.26"]
[SourceQuality "1"]
[WhiteTeam "Wuerzburg"]
[BlackTeam "Koenigshofen"]
[WhiteTeamCountry "GER"]
[BlackTeamCountry "GER"]

1. d4 d5 2. Bf4 e6 3. e3 Bd6 4. Bxd6 Qxd6 5. Qg4 g6 6. Nd2 Nf6 7. Qg3 Qxg3 8. hxg3 b6 9. Ngf3 Ba6 10. c4 Nbd7 11. Rc1 c5 12. cxd5 Bxf1 13. dxe6 Bxg2 14. exd7+ Nxd7 15. Rh2 Bxf3 16. Nxf3 0-0 17. Rh4 Rfd8 18. Ke2 cxd4 19. Nxd4 Nf6 20. Nc6 Rd7 21. Rd4 Kf8 22. Rxd7 Nxd7 23. Rd1 Ke8 24. Rd4 a5 25. Rh4 Rc8 26. Nd4 h5 27. g4 hxg4 28. Rxg4 1/2-1/2

[Event "Schweinfurt op"]
[Site "Schweinfurt"]
[Date "2007.05.17"]
[Round "2"]
[White "Sittinger, Lutz"]
[Black "Jahrsdoerfer, Gerd"]
[Result "0-1"]
[WhiteElo "2021"]
[BlackElo "2176"]
[PlyCount "108"]
[EventDate "2007.05.17"]
[EventType "swiss"]
[EventRounds "7"]
[EventCountry "GER"]
[SourceTitle "CBM 118 Extra"]
[Source "ChessBase"]
[SourceDate "2007.07.04"]
[SourceVersion "1"]
[SourceVersionDate "2007.07.04"]
[SourceQuality "1"]

1. d4 d5 2. c4 e6 3. Nc3 f5 4. Nf3 Nf6 5. Bf4 c6 6. e3 Be7 7. Be2 0-0 8. 0-0 Ne4 9. Nxe4 fxe4 10. Ne5 Nd7 11. Rc1 Bg5 12. Bg3 Nxe5 13. Bxe5 Bf6 14. Bg3 Bh4 15. Be5 Bf6 16. Bg3 Bd7 17. b4 a6 18. a3 Bh4 19. Bd6 Be7 20. Be5 Be8 21. Bg4 Bf7 22. f4 a5 23. c5 axb4 24. axb4 Ra3 25. Qe1 Bh4 26. g3 Bf6 27. Bd6 Be7 28. Be5 Qa8 29. Ra1 Qa4 30. Rxa3 Qxa3 31. Qd2 Ra8 32. Rb1 Bd8 33. Bd1 Qd3 34. Qxd3 exd3 35. Bb3 Bg6 36. Rb2 Ra3 37. Kf2 Rxb3 38. Rxb3 d2 39. Ke2 Bc2 40. Kxd2 Bxb3 41. Kc3 Ba4 42. Kb2 g5 43. Ka3 Bb5 44. Kb3 Kf7 45. Kc3 Kg6 46. g4 Be2 47. f5+ exf5 48. gxf5+ Kxf5 49. Kd2 Bb5 50. Bg3 h5 51. Bd6 g4 52. Be5 Bg5 53. Bg3 Ke4 54. Bf2 Kf3 0-1

[Event "GER-ch 78th"]
[Site "Bad Koenigshofen"]
[Date "2007.01.26"]
[Round "8"]
[White "Jahrsdoerfer, Gerd"]
[Black "Fischer, Thomas2222"]
[Result "0-1"]
[WhiteElo "2176"]
[BlackElo "2045"]
[PlyCount "68"]
[EventDate "2007.01.19"]
[EventType "swiss"]
[EventRounds "9"]
[EventCountry "GER"]
[SourceTitle "CBM 116 Extra"]
[Source "ChessBase"]
[SourceDate "2007.03.07"]
[SourceVersion "1"]
[SourceVersionDate "2007.03.07"]
[SourceQuality "1"]

1. e4 e6 2. d4 d5 3. Nc3 Bb4 4. a3 Bxc3+ 5. bxc3 dxe4 6. f3 exf3 7. Nxf3 Nf6 8. Bd3 b6 9. 0-0 Bb7 10. Bg5 Nbd7 11. Qe2 h6 12. Bd2 Qe7 13. c4 c5 14. Kh1 Rd8 15. Bc3 cxd4 16. Nxd4 Nc5 17. Rae1 Nfe4 18. Bb2 0-0 19. Nf3 f5 20. Kg1 Kh7 21. Ne5 Qg5 22. Rf3 Qd2 23. Qf1 Nxd3 24. Rxd3 Qxc2 25. Re2 Qa4 26. Ree3 Nd2 27. Qc1 Ne4 28. Qf1 Nc5 29. Rd4 Rxd4 30. Bxd4 Rd8 31. Bb2 Rd1 32. Re1 Rxe1 33. Qxe1 Qc2 34. Qg3 Qb1+ 0-1